000 00493nam a2200205Ia 4500
003 0100
008 130303s9999 xx 000 0 und d
040 _cARRUPELIB
050 _aD511.J735 1984
100 _aJoll, James
245 4 _aThe origins of the first world war
260 _aLondon and New York
260 _bLongman
260 _C1984
300 _axi
300 _b 228p. 22cm.
650 _bLumumba, Patrice
650 _cCongo (Democratic Republic)
942 _2lcc
_04
999 _c62451
_d62451